• Consiglio regionale del Piemonte

di Personal Name

Records bibliografici associati: 1

001 - CONTROL NUMBER

  • control field: 61526

003 - CONTROL NUMBER IDENTIFIER

  • control field:

005 - DATE AND TIME OF LATEST TRANSACTION

  • control field: 20250214151044.0

008 - FIXED-LENGTH DATA ELEMENTS

  • fixed length control field: 250214|| aca||aabn | a|a d

040 ## - CATALOGING SOURCE

  • Original cataloging agency:
  • Transcribing agency:

100 ## - HEADING--PERSONAL NAME

  • Personal name: Consiglio regionale del Piemonte

670 ## - SOURCE DATA FOUND

  • Source citation: Work cat.: ()207462: Consiglio regionale del Piemonte , Interventi regionali a sostegno delle famiglie, delle scelte di procreazione e degli impegni di cura. , 1995
CREDITS: SOCIETA' SAN PAOLO Via A.Severo, 58 - ROMA (RM) & PERIODICI SAN PAOLO SRL Via Giotto, 36 MILANO & CISF Via Giotto, 36 MILANO & EDIZIONI SAN PAOLO SRL,  Piazza Soncino, 5 CINISELLO BALSAMO (MI) -- ITALY